000 00239nam a2200097Ia 4500
008 231212s1992 xx 000 0 und d
041 _aeng
100 _aLiu Cheng Yu
245 _aMicrocomputers Systems
260 _aNew Delhi
_bPrentic
_c1992
999 _c962887
_d962887